LEADER 00944nam a2200253 4500 001 000000340907 003 CaOOAMICUS 005 20201028153930.0 008 200706s1974 fr 000 u fre r 020 $a2-213-00040-9 040 $aSeMil$bita 100 1 $aEisenberg, Josy,$d<1933-2017>.$0(OLS)http://semarc/name/90458 245 14$aUne histoire du peuple juif /$cJosy Eisenberg. 264 1$a[Paris] :$bFayard,$c1974. 300 $a568 p. ;$c22 cm 541 0 $aFondo mons. Pasquale Macchi 650 4$aEbrei - Storia.$0(OLS)http://semarc/subject/4633 850 $aSeMil 852 $aSeMil$W1$xVenegono$y1$m2R II 427$j222388$B231925$CSeMilBibl$Z2$F231925 $81 941 1 $a9 996 $6020$a2-213-00040-9$9(OLS)http://semarc/number/290755 996 $6245$aUne histoire du peuple juif$9(OLS)http://semarc/title/429985 996 $6264$a[Paris] :$bFayard$9(OLS)http://semarc/publisher/30873 LEADER 01307nam a2200253 i 4500 001 000000038456 003 CaOOAMICUS 005 20070124000000.0 008 070124s1962 xx u000 u mul u 013 $a9041 040 $aSeMil$bita 245 10$aTheologica, Augustiniana /$cedited by F.L. Cross. 300 $aVII, 551 p. 490 0 $aTexte und Untersuchungen zur Geschichte der altchristlichen Literatur ;$vBand81 490 0 $aStudia patristica ;$v6 650 4$aPatristica - Studi.$0(OLS)http://semarc/subject/3628 700 1 $aCross, Frank Leslie <1900-1968>.$0(OLS)http://semarc/name/4843 700 1 $aInternational Conference on Patristic Studies <3. ; 1959 ; Oxford>.$0(OLS)http://semarc/name/7823 773 0 $tPapers presented to the Third International Conference on Patristic Studies held at Christ Church, Oxford, 1959.$dBerlin : Akademie Verlag, 1961-1962.$kStudia patristica $g[4$w()17039 830 0$aTexte und Untersuchungen zur Geschichte der altchristlichen Literatur ;$vBand81.$0(OLS)http://semarc/title/199 830 0$aStudia patristica ;$v6.$0(OLS)http://semarc/title/22570 850 $aSeMil 852 $aSeMil$W1$xVenegono$y1$m2U IV 205$j4611$B4611$CSeMilBibl$Z2$F4611 $81 996 $6245$aTheologica, Augustiniana$9(OLS)http://semarc/title/54275